5HLuxD.jpg

KING HENRY VIII SENIOR AND PRIMARY SCHOOL LIBRARY OPAC

Voices / (Record no. 111)

000 -LEADER
fixed length control field 01352cam a2200349 a 4500
001 - CONTROL NUMBER
control field 14043042
003 - CONTROL NUMBER IDENTIFIER
control field OSt
005 - DATE AND TIME OF LATEST TRANSACTION
control field 20190726101300.0
008 - FIXED-LENGTH DATA ELEMENTS--GENERAL INFORMATION
fixed length control field 050719t20082006flub j 000 1 eng
010 ## - LIBRARY OF CONGRESS CONTROL NUMBER
LC control number 2005020753
020 ## - INTERNATIONAL STANDARD BOOK NUMBER
International Standard Book Number 9780152062422 (pbk.)
035 ## - SYSTEM CONTROL NUMBER
System control number (OCoLC)ocm61261188
035 ## - SYSTEM CONTROL NUMBER
System control number (OCoLC)61261188
040 ## - CATALOGING SOURCE
Original cataloging agency DLC
Transcribing agency DLC
Modifying agency IG#
-- BAKER
042 ## - AUTHENTICATION CODE
Authentication code lcac
082 00 - DEWEY DECIMAL CLASSIFICATION NUMBER
Classification number FIC LE
Edition number 22
100 1# - MAIN ENTRY--PERSONAL NAME
Personal name Le Guin, Ursula K.,
Dates associated with a name 1929-2018.
Relator term author
245 10 - TITLE STATEMENT
Title Voices /
Statement of responsibility, etc. Ursula K. Le Guin.
250 ## - EDITION STATEMENT
Edition statement 1st Harcourt pbk. ed.
260 ## - PUBLICATION, DISTRIBUTION, ETC.
Place of publication, distribution, etc. Orlando :
Name of publisher, distributor, etc. Harcourt,
Date of publication, distribution, etc. 2008, c2006.
300 ## - PHYSICAL DESCRIPTION
Extent 341 p. :
Other physical details maps ;
Dimensions 22 cm.
500 ## - GENERAL NOTE
General note Author interview inside
520 ## - SUMMARY, ETC.
Summary, etc. Young Memer takes on a pivotal role in freeing her war-torn homeland from its oppressive captors.
650 #1 - SUBJECT ADDED ENTRY--TOPICAL TERM
Topical term or geographic name entry element Fantasy.
655 #7 - INDEX TERM--GENRE/FORM
Genre/form data or focus term Fantasy fiction.
Source of term gsafd
856 42 - ELECTRONIC LOCATION AND ACCESS
Materials specified Contributor biographical information
Uniform Resource Identifier <a href="http://www.loc.gov/catdir/enhancements/fy0659/2005020753-b.html">http://www.loc.gov/catdir/enhancements/fy0659/2005020753-b.html</a>
856 42 - ELECTRONIC LOCATION AND ACCESS
Materials specified Publisher description
Uniform Resource Identifier <a href="http://www.loc.gov/catdir/enhancements/fy0659/2005020753-d.html">http://www.loc.gov/catdir/enhancements/fy0659/2005020753-d.html</a>
856 41 - ELECTRONIC LOCATION AND ACCESS
Materials specified Sample text
Uniform Resource Identifier <a href="http://www.loc.gov/catdir/enhancements/fy0662/2005020753-s.html">http://www.loc.gov/catdir/enhancements/fy0662/2005020753-s.html</a>
906 ## - LOCAL DATA ELEMENT F, LDF (RLIN)
a 7
b cbc
c orignew
d 1
e ecip
f 20
g y-gencatlg
942 ## - ADDED ENTRY ELEMENTS (KOHA)
Source of classification or shelving scheme
Koha item type Books - Fiction
Holdings
Withdrawn status Lost status Source of classification or shelving scheme Damaged status Not for loan Collection code Permanent Location Current Location Shelving location Date acquired Full call number Barcode Date last seen Price effective from Koha item type
          Fiction KH8 Senior School Library KH8 Senior School Library Fiction 2019-07-26 FIC LE 3KHSL000101235 2024-07-17 2019-07-26 Books - Fiction

Powered By KH8 IT Dept